Film DISNEY+ avec des images - Statistiques

Statistiques générales
  • Ce quiz a été pris 202 fois
  • Le résultat moyen est 12 sur 16
Statistiques - réponses
Par images Réponse % Correct
Le roi lion
99%
Coco
97%
La reine des neiges
93%
Dumbo
92%
Blanche Neige
91%
Les incroyables
85%
Deadpool
83%
Némo
82%
Indiana Jones
81%
Avengers Endgame
79%
Le Labyrinthe
77%
Alerte Rouge
64%
Doctor Strange
58%
Black Widow
53%
Captain Marvel
46%
Ferdinand
45%
Aucun quiz correspondant
Distribution des résultats
% des personnes avec chaque résultat
Percentile par nombre de réponses
Votre historique - résultats
Vous n’avez pas pris ce quiz